000 nam a22 7a 4500
999 _c8958
_d8958
008 180122b ||||| |||| 00| 0 eng d
100 _aJaisingh.S.
_95261
245 _aPractice Question in Maths
260 _aNew Delhi
_bArya
_c2008